Aṭṭhārah sau sattāvan, ak̲h̲bār aur dastāvezen̲. (Record no. 73546)

MARC details
000 -LEADER
fixed length control field 00763cam a22002531 4500
001 - CONTROL NUMBER
control field sa 67002946
003 - CONTROL NUMBER IDENTIFIER
control field DLC
005 - DATE AND TIME OF LATEST TRANSACTION
control field 20260227112334.0
008 - FIXED-LENGTH DATA ELEMENTS--GENERAL INFORMATION
fixed length control field 910225s1966 ii h b 000 0 urdr
010 ## - LIBRARY OF CONGRESS CONTROL NUMBER
LC control number sa 67002946
025 ## - OVERSEAS ACQUISITION NUMBER
Overseas acquisition number PL480:I-U-1510
035 ## - SYSTEM CONTROL NUMBER
System control number (OCoLC)23154144
040 ## - CATALOGING SOURCE
Original cataloging agency DLC
Transcribing agency WaU
Modifying agency WaU
-- DLC
042 ## - AUTHENTICATION CODE
Authentication code premarc
043 ## - GEOGRAPHIC AREA CODE
Geographic area code a-ii---
050 00 - LIBRARY OF CONGRESS CALL NUMBER
Classification number DS478.A1
Item number S5
100 1# - MAIN ENTRY--PERSONAL NAME
Personal name Siddiqi, M. Atique.
245 10 - TITLE STATEMENT
Title Aṭṭhārah sau sattāvan, ak̲h̲bār aur dastāvezen̲.
Statement of responsibility, etc. Murattabah-yi Atique M. Ṣiddīqī
260 ## - PUBLICATION, DISTRIBUTION, ETC.
Place of publication, distribution, etc. Dihlī,
Name of publisher, distributor, etc. Maktabah-yi Shāhrāh
Date of publication, distribution, etc. [1966]
300 ## - PHYSICAL DESCRIPTION
Extent 447 p.
Other physical details facsims.
Dimensions 22 cm.
500 ## - GENERAL NOTE
General note In Urdu.
504 ## - BIBLIOGRAPHY, ETC. NOTE
Bibliography, etc. note Bibliography: p. 429-430.
651 #0 - SUBJECT ADDED ENTRY--GEOGRAPHIC NAME
Geographic name India
General subdivision History
Chronological subdivision Sepoy Rebellion, 1857-1858
General subdivision Sources.

No items available.

Powered by Koha